Pays où Makeba de Jain est un tube - Statistiques

Statistiques générales
  • Ce quiz a été pris 30 fois
  • Le résultat moyen est 19 sur 28
Statistiques - réponses
Position dans les charts Pays % Correct
38 États Unis
100%
7 France
100%
35 Canada
92%
27 Belgique
88%
22 Russie
88%
9 Suisse
88%
51 Irlande
85%
80 Pays Bas
85%
52 Royaume Uni
85%
68 Suède
85%
11 Autriche
81%
7 Grèce
81%
49 Italie
81%
146 Portugal
81%
43 Allemagne
73%
2 Hongrie
69%
25 Islande
62%
25 Pologne
62%
8 Slovaquie
62%
15 Ukraine
62%
1 Bulgarie
58%
1 Lettonie
54%
6 Lituanie
54%
15 Tchéquie
50%
8 Israel
46%
6 Liban
42%
15 Bolivie
19%
13 Costa Rica
4%
Aucun quiz correspondant
Distribution des résultats
% des personnes avec chaque résultat
Percentile par nombre de réponses
Votre historique - résultats
Vous n’avez pas pris ce quiz